000 00328nam a22001337a 4500
008 170328b xxu||||| |||| 00| 0 eng d
020 _a9780073523781
041 _aeng
080 _28TH
_a796.3
100 _a8
101 _aSHM
245 _aPHYSICAL EDUCATION, EXERCISE SCIENCE AND SPORT STUDIES
_cLUMPKIN, A
942 _2udc
_cBK
999 _c8783
_d8783